| 000 | 00000nam 2200000zi 4500 |
| 001 | 9.934081 |
| 003 | CaOODSP |
| 005 | 20250506140502 |
| 006 | m o d f |
| 007 | cr mn||||||||| |
| 008 | 240216e201405 onca ob f000 0 fre d |
| 040 | |aCaOODSP|bfre|erda|cCaOODSP |
| 043 | |an-cn--- |
| 086 | 1 |aH14-515/2014F-PDF |
| 245 | 00|aÉvaluation du Programme des médicaments à usage humain de 1999-2000 à 2011-2012 / |cpréparé par la Direction de l’évaluation Santé Canada et l’Agence de la santé publique du Canada. |
| 264 | 1|a[Ottawa] : |bSanté Canada et l'Agence de la santé publique du Canada = Health Canada and the Public Health Agency of Canada, |cmai 2014. |
| 300 | |a1 ressource en ligne (xvi, 143 pages) : |billustrations |
| 336 | |atexte|btxt|2rdacontent/fre |
| 337 | |ainformatique|bc|2rdamedia/fre |
| 338 | |aressource en ligne|bcr|2rdacarrier/fre |
| 500 | |aPublié aussi en anglais sous le titre : Evaluation of the Human Drugs Program 1999-2000 to 2011-2012. |
| 504 | |aComprend des références bibliographiques. |
| 610 | 10|aCanada. |bDirection générale des produits de santé et des aliments|xÉvaluation. |
| 610 | 16|aCanada. |bSanté Canada|xÉvaluation. |
| 650 | 6|aMédicaments|xPolitique gouvernementale|zCanada|xÉvaluation. |
| 710 | 1 |aCanada. |bSanté Canada, |eorganisme de publication. |
| 710 | 2 |aAgence de santé publique du Canada, |eorganisme de publication. |
| 775 | 08|tEvaluation of the Human Drugs Program 1999-2000 to 2011-2012 / |w(CaOODSP)9.932320 |
| 856 | 40|qPDF|s894 Ko|uhttps://publications.gc.ca/collections/collection_2024/sc-hc/H14-515-2014-fra.pdf |